Name Every Single Waterloo Road Character Quiz Stats

 Plays Quiz not verified by Sporcle

Support Sporcle.
Go Orange.
Score 0/160 Timer 20:00
0 Plays Today
First Appearance Character % Correct
Series 1 Episode 1Tom Clarkson
91.7%
Series 1 Episode 1Grantly Budgen
88.3%
Series 1 Episode 1Kim Campbell
87.1%
Series 1 Episode 1Donte Charles
84.1%
Series 1 Episode 1Jack Rimmer
81.5%
Series 1 Episode 1Chlo Grainger
80.9%
Series 1 Episode 1Steph Haydock
79.5%
Series 1 Episode 1Fleur Budgen
78.6%
Series 1 Episode 1Lorna Dickey
77.7%
Series 1 Episode 1Mika Grainger
77.4%
Series 1 Episode 1Izzie Redpath
76.5%
Series 1 Episode 2Janeece Bryant
73.5%
Series 4 Episode 1Rose Kelly
72.5%
Series 4 Episode 1Sambuca Kelly
71.7%
Series 3 Episode 7Rachel Mason
71%
Series 4 Episode 1Earl Kelly
70.7%
Series 1 Episode 1Andrew Treneman
70.1%
Series 1 Episode 1Clarence Charles
69%
Series 4 Episode 1Denzil Kelly
68.7%
Series 3 Episode 1Bolton Smilie
68.4%
Series 2 Episode 4Maxine Barlow
66.3%
Series 2 Episode 1Brett Aspinall
66.2%
Series 4 Episode 1Marley Kelly
66.2%
Series 3 Episode 1Eddie Lawson
66%
Series 6 Episode 1Karen Fisher
65.6%
Series 1 Episode 3Lewis Seddon
65.3%
Series 2 Episode 1Davina Shackleton
65.3%
Series 5 Episode 11Finn Sharkey
64.1%
Series 3 Episode 1Matt Wilding
63.6%
Series 6 Episode 1Jess Fisher
63.3%
Series 3 Episode 1Candice Smilie
62%
Series 5 Episode 1Ruby Fry
61.8%
Series 5 Episode 1Christopher Mead
61.2%
Series 5 Episode 1Josh Stevenson
61.1%
Series 6 Episode 1Harry Fisher
60%
Series 1 Episode 1Jimmy Grainger
59.8%
Series 5 Episode 1Max Tyler
59.8%
Series 3 Episode 2Paul Langley
58.6%
Series 4 Episode 1Flick Mellor
58.5%
Series 2 Episode 1Roger Aspinall
58.3%
Series 8 Episode 11Barry Barry
58.2%
Series 6 Episode 10Bex Fisher
57.9%
Series 4 Episode 1Prince Kelly
57.6%
Series 7 Episode 1Daniel Chalk
57.1%
Series 5 Episode 1Jo Lipsett
56.8%
Series 8 Episode 1Christine Mulgrew
56.4%
Series 8 Episode 1Connor Mulgrew
56.1%
Series 6 Episode 1Jonah Kirby
55.9%
Series 5 Episode 1Amy Porter
55.8%
Series 6 Episode 11Kyle Stack
55.6%
Series 7 Episode 11Sian Diamond
55.6%
Series 5 Episode 1Helen Hopewell
55.3%
Series 3 Episode 1Jasmine Koreshi
55%
Series 5 Episode 1Emily James
54.7%
First Appearance Character % Correct
Series 7 Episode 11Michael Byrne
54.4%
Series 8 Episode 11Dynasty Barry
54.4%
Series 1 Episode 1Estelle Cooper
54.3%
Series 3 Episode 1Danielle Harker
54.3%
Series 4 Episode 1Ralph Mellor
53.8%
Series 6 Episode 1Ruth Kirby
53.7%
Series 7 Episode 21Maggie Croft
53.7%
Series 3 Episode 1Karla Bentham
53.1%
Series 6 Episode 1Charlie Fisher
53.1%
Series 7 Episode 11Jez Diamond
52.9%
Series 4 Episode 1Rob Cleaver
52.3%
Series 8 Episode 8Kevin Skelton
52.3%
Series 3 Episode 12Michaela White
52.2%
Series 4 Episode 2Phillip Ryan
51.4%
Series 4 Episode 6Lauren Andrews
51.1%
Series 4 Episode 1Melissa Ryan
51%
Series 8 Episode 11Kacey Barry
51%
Series 5 Episode 5Vicki MacDonald
50.5%
Series 6 Episode 1Ronan Burley
50.5%
Series 5 Episode 1Lindsay James
50.4%
Series 6 Episode 1Cesca Montoya
50.4%
Series 3 Episode 1Aleesha Dillon
50.2%
Series 5 Episode 13Adam Fleet
49.5%
Series 6 Episode 1Marcus Kirby
49.5%
Series 8 Episode 1Imogen Stewart
47.1%
Series 8 Episode 11Carol Barry
47.1%
Series 8 Episode 1Audrey McFall
46.9%
Series 7 Episode 1Rob Scotcher
46.6%
Series 7 Episode 11Harley Taylor
46.3%
Series 1 Episode 2Yasmin Deardon
46%
Series 7 Episode 23Nikki Boston
46%
Series 8 Episode 1Rhiannon Salt
46%
Series 7 Episode 1Aiden Scotcher
45.9%
Series 8 Episode 27George Windsor
45.1%
Series 8 Episode 29Simon Lowsley
45%
Series 5 Episode 1Ros McCain
44.8%
Series 7 Episode 7Scout Allen
44.5%
Series 7 Episode 28Lorraine Donnegan
44.5%
Series 7 Episode 12Madi Diamond
44.2%
Series 9 Episode 1Sue Spark
44.1%
Series 2 Episode 11Jerry Preston
43.8%
Series 3 Episode 10Stuart Hordley
43.8%
Series 7 Episode 12Zack Diamond
43.8%
Series 5 Episode 5John Fry
43.6%
Series 7 Episode 11Phoenix Taylor
43.3%
Series 2 Episode 5Stacey Appleyard
42.4%
Series 10 Episode 1Justin Fitzgerald
42.1%
Series 8 Episode 9Sonya Donnegan
42%
Series 2 Episode 1Leigh-Ann Galloway
41.5%
Series 10 Episode 1Vaughan Fitzgerald
41.2%
Series 10 Episode 1Leo Fitzgerald
41.2%
Series 5 Episode 1Siobhan Mailey
41.1%
Series 7 Episode 1Eleanor Chaudry
41.1%
Series 3 Episode 1Bridget Morley
40.6%
First Appearance Character % Correct
Series 6 Episode 11Adanna Lawal
40.6%
Series 7 Episode 11Tariq Siddiqui
40.6%
Series 5 Episode 1Luke Pendle
40.3%
Series 7 Episode 11Trudi Siddiqui
40.3%
Series 9 Episode 1Lenny Brown
39.8%
Series 9 Episode 1Lisa Brown
39.8%
Series 2 Episode 2Celine Dixon
39.7%
Series 9 Episode 11Hector Reid
39.5%
Series 4 Episode 2Dave Miller
39.2%
Series 7 Episode 1Shona Mansfield
38.2%
Series 7 Episode 1Rhona Mansfield
37.3%
Series 10 Episode 1Olga Fitzgerald
36.8%
Series 7 Episode 13Linda Radleigh
36.2%
Series 9 Episode 1Darren Hughes
36.1%
Series 8 Episode 29Princess Windsor
35.9%
Series 9 Episode 11Gabriella Wark
35.8%
Series 10 Episode 1Allie Westbrook
35%
Series 10 Episode 1Tiffany Westbrook
34.3%
Series 7 Episode 4Naomi Scotcher
34.1%
Series 8 Episode 1Lula Tsibi
33.7%
Series 10 Episode 11Lorna Hutchinson
33.5%
Series 6 Episode 11Nate Gurney
33.4%
Series 10 Episode 1Floyd Westbrook
32.9%
Series 8 Episode 1Jade Fleming
32.2%
Series 7 Episode 21Naseem Siddiqui
31.6%
Series 8 Episode 23Steve-O Malone
31.6%
Series 9 Episode 10Vix Spark
31.3%
Series 10 Episode 11Scott Fairchild
31.1%
Series 8 Episode 27Robert Bain
29.9%
Series 10 Episode 11Bonnie Kincaid
29.8%
Series 10 Episode 11Dale Jackson
29.5%
Series 8 Episode 25Esther Fairclough
29%
Series 10 Episode 13Guy Braxton
29%
Series 8 Episode 5Liberty Gordon
28.9%
Series 10 Episode 11Kenzie Calhoun
28.9%
Series 7 Episode 11Wayne Johnson
28.1%
Series 9 Episode 1Shaznay Montrose
28%
Series 8 Episode 4Sally Stewart
27.8%
Series 7 Episode 26Eugene Garvey
27.7%
Series 10 Episode 13Marco D'Olivera
26.6%
Series 8 Episode 1Angus Hancock
26.3%
Series 7 Episode 11Nelson Smith
26%
Series 8 Episode 21Ndale Kayuni
25.7%
Series 10 Episode 11Carrie Norton
25.3%
Series 8 Episode 11Jack McAllister
25.1%
Series 8 Episode 1Gerard Findley
24.4%
Series 8 Episode 4Billy Byrne
23.8%
Series 9 Episode 1Archie Wong
23.6%
Series 10 Episode 12Abdul Bukhari
22.6%
Series 10 Episode 18Rob Hutchinson
22.6%
Series 10 Episode 13Steph Norton
22.1%
Series 10 Episode 12Hassan Bukhari
20.3%

You're not logged in!

Compare scores with friends on all Sporcle quizzes.
OR
Log In

From the Vault

Continuous Capital Chain

by petenge

We're more partial to the lowercase rope, though.
Remove Ads.
Support Sporcle.
Get the best of Sporcle when you Go Orange. This ad-free experience offers more features, more stats, and more fun while also helping to support Sporcle. Thank you for becoming a member.

Show Comments

Extras

Created Jan 11, 2016ReportNominate
Tags:bbc, road, Waterloo

Top Quizzes Today


Score Distribution

Your Account Isn't Verified!

In order to create a playlist on Sporcle, you need to verify the email address you used during registration. Go to your Sporcle Settings to finish the process.

Report this User

Report this user for behavior that violates our Community Guidelines.

Details: